000 01226njm a22002897a 4500
005 20100910115542.0
006 a|||||r|||||00| 0
007 sd ammalaaahaa
008 100910t xxu||||| |||| 00| 0 eng d
028 _aBOE 2620
_bODLON
035 _aGR-01939
040 _aSED
_cSED
100 _917690
_aBhosle, Asha
245 _aAnokhi ada /
_cby Asha Bhosle, Kishore Kumar [and] Manna Dey ; music by Laxmikant Pyarelal;lyric by Majrooh
_h[Sound Recording] :
246 _aअनोखी अदा /
260 _aDum Dum India
_bAngel Records
_c1969
300 _a1 sound disc (Gramophone Recording)
_banalog, 45 rpm
_c7 in. (SP)
_fGramophone Record
500 _aBrief Record
505 _aSide-1 जवानी तेरा बोल बाला (Jawani tera bol bala) (Asha Bhosle & Manna Dey) Side 2 हल क्या है दिलों का ( Hall kya hai dilon ka) (Kishore Kumar)
650 _aInstrumental Classical Music
_xExcerpts
_zIndia
_917691
700 _aLaxmikant Pyarelal
_919388
700 _919389
_aDey, Manna
700 _aMajrooh
_919390
700 _919391
942 _2ddc
_cGR
999 _c45083
_d45083